000 00722nam a2200205 i 4500
001 64011
003 ES-MaACL
005 20230906165024.0
007 t|
008 031219s1965 sp ||||1| spa d
100 1 _aFischer, Baltasar.
_950982
245 1 3 _aEl pueblo de Dios en torno al altar
_b: la voz de los fieles en la celebración eucarística /
_cBaltasar Fischer ; [versión española por Pedro María Vicente].
260 _aEstella :
_bVerbo Divino,
_c1965.
300 _a142 p. ;
_c19 cm.
490 1 _aColección "Plebs Sancta" ;
_v2
700 1 _aVicente, Pedro María.
_9114345
830 0 _aColección "Plebs Sancta" ;
_v2
_9182908
852 _aES-MaACL
_jC-28187
_bR.57342
999 _c64011
_d64011